000 00867nam a22002531u 4500
001 05856
003 HDC
007 cr bn ---aaaaa
008 210121p2017 | d 00 engg
040 _aHDC
245 0 _aGain Report: Indonesia - Food Processing Ingredients
246 _aFood Processing Ingredients Update
260 _a[no place] :
_b[publisher not identified],
_c2017
300 _a 1 online resource (34 pages)
336 _atext
_2rdacontent
337 _acomputer
_2rdamedia
338 _aonline resource
_2rdacarrier
650 _aFood processing
_zIndonesia
_96153
650 _aingredient update
_96154
856 _zRequest full-text at [email protected]
942 _2lcc
942 _cEIS
942 _kREPT 000206
999 _c3180
_d3180